000
00397nam a2200133Ia 4500
008
151001s9999||||xx |||||||||||||| ||und||
100
_a
विजेंद्र पाल सिंह
245
_a
भारतीय राष्ट्रीय आंदोलन
250
_a
1
260
_b
मोनू प्रकाशन
260
_c
1999
300
_a
146
365
_b
21
999
_c
978680
_d
978677